| 000 | 00441nam a2200145 a 4500 | ||
|---|---|---|---|
| 001 | 000036776 | ||
| 005 | 20200930075929.0 | ||
| 008 | 120131s1993 ja abc 000 0 spa d | ||
| 040 |
_aDO-SdBNP _bspa _cBNPHU |
||
| 082 |
_axxx _bJ35h, 1993 |
||
| 245 | 0 | 3 | _aEl Japón de hoy. |
| 250 | _a2a ed. | ||
| 260 |
_aTokio : _bSociedad Internacional para la Información Educativa ; _bJapan Echo, _c1993. |
||
| 300 |
_a181 p. : _bil., mapas, retrs. ; _c23 cm. |
||
| 999 |
_c36267 _d36267 |
||